000 00322nam a2200121Ia 4500
008 240126s9999 xx 000 0 und d
041 _aEnglish
245 0 _aManagement Review (2000 Dec. -
260 _bIndian Institute of Management, B.lore
_aBangalore
440 _aI
520 _aSubs.No : 20051201363
942 _cJN
999 _c253498
_d253498